| 000 | 00422nam a2200181Ia 4500 | ||
|---|---|---|---|
| 001 | 7607 | ||
| 005 | 20260306160507.0 | ||
| 008 | 260306t2006||||xx |||||||||||||| ||spa|| | ||
| 041 | _aESP | ||
| 082 |
_a352.283 _bA98 |
||
| 100 |
_aAzpur, Javier _eAUT |
||
| 245 | 0 | _aLa descentralización en el Perú | |
| 260 | _c2006 | ||
| 300 |
_a38 páginas : _c30 cm. |
||
| 650 | _aGEN | ||
| 654 | _aCAN | ||
| 942 |
_cLIB _dJUS _fJUS _2ddc _n |
||
| 999 |
_c7607 _d7607 |
||